UITU Library & LRC     

Electrical Essential Network: (Record no. 31528)

MARC details
000 -LEADER
fixed length control field 00367nam a2200133Ia 4500
008 - FIXED-LENGTH DATA ELEMENTS--GENERAL INFORMATION
fixed length control field 250826s9999 xx 000 0 und d
082 ## - DEWEY DECIMAL CLASSIFICATION NUMBER
Classification number 621.31 AKH
100 ## - MAIN ENTRY--PERSONAL NAME
Personal name Akhtar, Fahim
245 #0 - TITLE STATEMENT
Title Electrical Essential Network:
Remainder of title ELT-114
260 ## - PUBLICATION, DISTRIBUTION, ETC.
Name of publisher, distributor, etc. Tehami Art Press,
Date of publication, distribution, etc. 2013
300 ## - PHYSICAL DESCRIPTION
Extent xxi, 210p.
Other physical details includes illustration
600 ## - SUBJECT ADDED ENTRY--PERSONAL NAME
Personal name Electrical Technology
942 ## - ADDED ENTRY ELEMENTS (KOHA)
Koha item type Gifted & Donated Books
Holdings
Withdrawn status Lost status Damaged status Not for loan Home library Current library Shelving location Date acquired Source of acquisition Total checkouts Full call number Barcode Date last seen Price effective from Koha item type Public note
        UITU Library UITU Library Gifted Books 08/26/2025 Gifted by Abdul Mannan Ansari   621.31 AKH G360 08/26/2025 08/26/2025 Gifted & Donated Books Gifted by Abdul Mannan Ansari

Powered by Koha